Guess the Movie from the Cast #9 - Statistics

General Stats
  • This quiz has been taken 117 times
  • The average score is 6 of 10
Answer Stats
Hint Answer % Correct
Michael J. Fox / Christopher Lloyd / Lea Thompson / Crispin Glover Back to the Future
88%
Sylvester Stallone / Talia Shire / Burt Young / Carl Weathers Rocky
82%
(a) Tom Hanks / Tim Allen / Don Rickles / John Ratzenberger (a) Toy Story
69%
Leonardo DiCaprio / Matt Damon / Jack Nicholson / Mark Wahlberg The Departed
68%
Tom Hanks / Edward Burns / Tom Sizemore / Matt Damon Saving Private Ryan
61%
Jason Biggs / Chris Klein / Seann William Scott / Alyson Hannigan American Pie
55%
Rowan Atkinson / Natalie Imbruglia / Ben Miller / John Malkovich Johnny English
49%
Meryl Streep / Emily Blunt / Johnny Depp / James Corden Into the Woods
39%
Alexa Vega / Daryl Sabara / Danny Trejo / Antonio Banderas Spy Kids
28%
Frank Sinatra / Laurence Harvey / Janet Leigh / Angela Lansbury The Manchurian Candidate
12%
No matching quizzes found
Score Distribution
Percent of People with Each Score
Percentile by Number Answered
Your Score History
You have not taken this quiz